Southville International School and Colleges
Your cart is empty.
  • Cart
  • Lists
    Public lists Eva Luna New books Lux_list list_1
    Your lists Log in to create your own lists
  • Log in to your account
  • Your cookies
  • Search history
Southville International School and Colleges
  • Advanced search
  • Recent comments
  • Most popular
  • Libraries

Log in to your account

Log in with GOOGLE


If you do not have an external account, but do have a local account, you can still log in:

  1. Home
  2. MARC view: Crossed Lines The Mystery Club 10
Normal view MARC view ISBD view

Crossed Lines The Mystery Club 10 (Record no. 8197)

[ view plain ]
MARC details
000 -LEADER
fixed length control field 00455nam a22001817a 4500
003 - CONTROL NUMBER IDENTIFIER
control field OSt
005 - DATE AND TIME OF LATEST TRANSACTION
control field 20140310182014.0
008 - FIXED-LENGTH DATA ELEMENTS--GENERAL INFORMATION
fixed length control field 121121t xxu||||| |||| 00| 0 eng d
020 ## - INTERNATIONAL STANDARD BOOK NUMBER
International Standard Book Number 0340607262
050 ## - LIBRARY OF CONGRESS CALL NUMBER
Classification number PZ 8
Item number .C951 1994
082 ## - DEWEY DECIMAL CLASSIFICATION NUMBER
Classification number KF
Item number Ib2d 2002
245 ## - TITLE STATEMENT
Title Crossed Lines The Mystery Club 10
Statement of responsibility, etc Fiona Kelly
260 ## - PUBLICATION, DISTRIBUTION, ETC. (IMPRINT)
Place of publication, distribution, etc London
Name of publisher, distributor, etc Hodder Children's Books
Date of publication, distribution, etc 1988
300 ## - PHYSICAL DESCRIPTION
Size of unit 17.5cm
541 ## - IMMEDIATE SOURCE OF ACQUISITION NOTE
-- 1
562 ## - COPY AND VERSION IDENTIFICATION NOTE
Number of copies 1
942 ## - ADDED ENTRY ELEMENTS (KOHA)
Source of classification or shelving scheme Library of Congress Classification
Koha item type
Call number prefix
Holdings
Withdrawn status Lost status Source of classification or shelving scheme Damaged status Home library Current library Shelving location Date acquired Total Checkouts Full call number Barcode Date last seen Copy number Price effective from Koha item type
    Library of Congress Classification   Luxembourg Library Luxembourg Library Kids Fiction Section 07/30/2013   PZ 8 .C951 1994 4525 11/10/2015 1 07/30/2013 Books

Crossed Lines The Mystery Club 10

APA

(1988). Crossed Lines The Mystery Club 10. London: Hodder Children's Books.

Chicago

1988. Crossed Lines The Mystery Club 10. London: Hodder Children's Books.

Harvard

(1988). Crossed Lines The Mystery Club 10. London: Hodder Children's Books.

MLA

Crossed Lines The Mystery Club 10. London: Hodder Children's Books. 1988.

  • Place hold
  • Print
  • Cite
  • Add to your cart (remove)
  • Save record
    BIBTEX Dublin Core MARCXML MARC (non-Unicode/MARC-8) MARC (Unicode/UTF-8) MARC (Unicode/UTF-8, Standard) MODS (XML) RIS
  • More searches
    Search for this title in:
    Other Libraries (WorldCat) Other Databases (Google Scholar) Online Stores (Bookfinder.com) Open Library (openlibrary.org)

Exporting to Dublin Core...

SOUTHVILLE LIBRARY

Southville International School and Colleges Library

1281 Tropical Ave. Cor. Luxembourg St., BF Homes International, Las Pinas City

Tel. No. 8256374 / 252358 Loc. 117/146

Powered by Koha